000 02461nam a2200289 a 4500
003 OSt
005 20251112095158.0
007 cr ||||||a|c|a
008 230516s2020 mx adb|fom||| 001 0 spa d
040 _erda
100 1 _9186995
_aReyes Valdovinos, Erandi Yunuen
245 1 0 _aPropuesta de conservación del achoque (Ambystoma dumerilii) en la microcuenca del lago de Pátzcuaro /
_cpor Erandi Yunuen Reyes Valdovinos; director de tesis Alejandro S. Sánchez Vélez
264 1 _aChapingo, México :
_bEl autor,
_c2020.
300 _a1 recurso en línea (101 páginas):
_bilustraciones, gráficas, mapas
336 _2rdacontent
_atexto
_btxt
337 _2rdamedia
_acomputadora
_bc
338 _2rdacarrier
_arecurso en línea
_bcr
502 _bIRF
_cDICIFO
_d2020.
_gLIC
504 _aIncluye referencias bibliográficas: páginas 93-98
520 _aEste trabajo es una evaluación técnico financiera del beneficiado húmedo y seco del café en la comunidad de Siltepec, Chiapas, que es una zona productora de café donde existe un alto grado de intermediarismo y con este proyecto se pretende integrar a los productores para que sean ellos los principales beneficiarios. La puesta en marcha de este estaría generando empleos directos e indirectos dentro del proceso y la producción de café. En los municipios cafetaleros, tres de cada cuatro trabajadores agrícolas no perciben ingresos o ganan hasta un salario mínimo. Los bajos ingresos no permiten mejorar las condiciones productivas de las plantaciones cafetaleras. El beneficio húmedo y seco permitirá agregar valor al producto y es un eslabón en la cadena de valor de este producto. Para determinar la rentabilidad del proyecto se utilizó una tasa de actualización del 16% y se emplearon indicadores financieros como la tasa interna de retorno (TIR), el valor actual neto (VAN), la relación beneficio costo (RB/C), los cuales dieron los siguientes resultados: VAN de $10, 766,110.94; Relación Beneficio Costo B/C de $1.23 y una TIR de 32%, por lo que indica que el proyecto es viable.
650 4 _9131348
_aAjolote
_xConservación
650 2 _9130404
_aCuencas hidrológicas
_xAnálisis
_zMichoacán
650 4 _9187098
_aCuencas hidrológicas
_xContaminación
700 1 _9107932
_aSánchez Vélez, Alejandro S.
_edirector.
856 _uhttp://10.13.5.2/tesis/tl/Reyes_Valdovino_Erandi_Yunuen.pdf
_zDESCARGAR PDF
942 _2Clasificación Universidad Autónoma Chapingo
_cTD
999 _c218765
_d218765